000 00736cab a2200229 4500
001 WB3411-66
008 090401t1998 xxu||||| |||| 00| 0 eng d
035 _a(Sirsi) u84951
041 _aeng
245 _aGreen taxation
260 _c1998
350 _a0
490 _aFinancial Times
_v16 March 1998, 21(2)
520 _aArgues that attempts to implement green taxation must be thought through carefully or they will not be effective. For example, subsidies to pollution such as the Common Agricultural Policy should be withdrawn before green taxes are imposed.
650 _aGREEN TAXES
650 _aLANDFILL TAX
650 _aOECD
650 _aPOLLUTION
690 _aTAXATION
942 _n0
948 _c17/03/1998
999 _c53410
_d53410